000 01186nam a2200301 i 4500
003 EG-GICUC
005 20260417155832.0
008 260417s1959 ua ||||fr|||| 00| 0 ara d
040 _a EG-GICUC
_bara
_c EG-GICUC
_d EG-GICUC
_erda
043 _aua#
082 0 4 _221
_a341.9062
_bأ ح . ه‍
092 0 4 _221
_a341.9062
099 _aLaw1 341.9062 أ ح . ه‍ 1959
100 1 0 _a أحمد موسى
245 1 0 _aعلى هامش قبول مصر من الولاية الجبرية لمحكمة العدل الدولية /
_cالدكتور أحمد موسى
264 3 _aالقاهرة :
_bكلية الحقوق , مجلة القانون و الاقتصاد الدولى,
_c1959
300 _a26 صفحة
_c24 سم
336 _2rda content
_atext
337 _2rda media
_aComputer
338 _2rda carrier
_aOnline Resource
500 _aمستخرج من مجلة القانون الدولى لسنة 1959
650 1 _aالقانون الدولى
_xتاريخ
_zمصر
_2qrmak
650 1 _aمحكمة العدل الدولية
_zمصر
651 1 _2qrmak
856 4 0 _uhttps://fll.law.cu.edu.eg/fulltext/bks/B11-05828.pdf
905 _a15
942 _2ddc
_cBK
_e21
_n0
999 _c71545
_d71545